| 000 | 00734nam a2200205 a 4500 | ||
|---|---|---|---|
| 001 | 000041487 | ||
| 005 | 20201002034932.0 | ||
| 008 | 131008s1984 sp 000 0 spa d | ||
| 020 | _a8422617773 | ||
| 040 |
_aDO-SdBNP _bspa _cBNPHU |
||
| 082 |
_axxx _bT654r |
||
| 100 | 1 |
_aTolstói, Léon _946625 |
|
| 240 | 1 | 0 |
_aVoskreséniye _lRuso |
| 245 | 1 | 0 |
_aResurreción / _cLeón Tolstói ; introducción Gonzalo Torrente Ballester ; traducción José Laín Entralgo. |
| 260 |
_aBarcelona : _bCirculos de Lectores, _c1984. |
||
| 300 |
_a453 p. ; _c22 cm. |
||
| 500 | _aIncluye referencias bibliográficas y notas al pie de las páginas. | ||
| 700 | 1 | 2 |
_aLaín Entralgo, José _etr. _968179 |
| 700 | 1 | 2 |
_aTorrente Ballester, Gonzalo _eintr. _921384 |
| 999 |
_c40977 _d40977 |
||